|
|
|
|
| LEADER |
00590nam a22001817a 4500 |
| 008 |
140827b ii||||| |||| 00| 0 hin d |
| 020 |
|
|
|a 9788180311581
|c INR
|
| 100 |
|
|
|a Putul,Nirmala
|
| 245 |
|
|
|a Beghar Sapne /
|c Nirmala Putul
|
| 260 |
|
|
|9 2156
|a Hariyana :
|b Aadhar Prakashan ,
|c c2014.
|
| 300 |
|
|
|a 104p.;
|
| 500 |
|
|
|a A collection of poetry
|
| 546 |
|
|
|a In Hindi.
|
| 650 |
|
0 |
|a Hindi-Poems
|
| 653 |
|
|
|a Hindi kavita
|
| 942 |
|
|
|c BK
|
| 999 |
|
|
|c 247203
|d 247203
|
| 952 |
|
|
|0 0
|1 0
|4 0
|6 S_31
|7 0
|9 274506
|a HIN
|b HIN
|c S-31
|d 2016-03-19
|e The Book Shop
|g 150.00
|i 24291
|l 0
|o S-31
|p HIN24291
|r 2016-03-19
|w 2016-03-19
|y BK
|